[Event "Florianopolis op 8th"]
[Site "Florianopolis"]
[Date "2022.01.30"]
[Round "10"]
[White "Silva, Janderson Rossi Da"]
[Black "Mayara Sibowicz, Giovanna"]
[Result "1-0"]
[WhiteElo "1878"]
[BlackElo "1589"]
[PlyCount "105"]
[EventDate "2022.01.24"]
[EventType "swiss"]
[EventRounds "10"]
[EventCountry "BRA"]
[SourceTitle "EXT 2023"]
[Source "ChessBase"]
[SourceDate "2022.10.05"]
[SourceVersion "1"]
[SourceVersionDate "2022.10.05"]
[SourceQuality "1"]

1. e4 e5 2. Nf3 Nf6 3. Bc4 Bc5 4. 0-0 Nc6 5. d3 h6 6. c3 0-0 7. b4 Bb6 8. a4 a6 9. Re1 d6 10. Nbd2 Kh8 11. Nf1 Ng4 12. Ne3 Nxe3 13. Bxe3 Bxe3 14. Rxe3 f5 15. Qc2 f4 16. Ree1 Bg4 17. Qe2 Qf6 18. Bb3 Ne7 19. Bd1 Ng6 20. Qc2 Nh4 21. Nxh4 Qxh4 22. Bxg4 Qxg4 23. f3 Qh5 24. d4 g5 25. h3 Qg6 26. dxe5 dxe5 27. Rad1 Rad8 28. Rd2 Rd6 29. Rxd6 Qxd6 30. Rd1 Qb6+ 31. Kf1 Rf6 32. Rd8+ Kg7 33. Qb3 Rf7 34. Qd5 Qe3 35. Qxe5+ Kg6 36. Qe6+ Rf6 37. Qe8+ Rf7 38. Qg8+ Rg7 39. Qb3 Kh5 40. Qc2 Qb6 41. Qd3 Rg6 42. Qd4 Qc6 43. a5 Rd6 44. Rxd6 Qxd6 45. Qxd6 cxd6 46. Ke2 Kh4 47. c4 Kg3 48. Kf1 h5 49. c5 dxc5 50. bxc5 g4 51. hxg4 hxg4 52. e5 gxf3 53. gxf3 1-0

[Event "Caioba Copel op 5th"]
[Site "Caioba"]
[Date "2019.09.17"]
[Round "4"]
[White "Silva, Janderson Rossi Da"]
[Black "Trivilin, Maria Isabel"]
[Result "1-0"]
[WhiteElo "1864"]
[BlackElo "1695"]
[PlyCount "115"]
[EventDate "2019.08.15"]
[EventType "swiss"]
[EventRounds "6"]
[EventCountry "BRA"]
[SourceTitle "EXT 2020"]
[Source "ChessBase"]
[SourceDate "2019.10.17"]
[SourceVersion "1"]
[SourceVersionDate "2019.10.17"]
[SourceQuality "1"]

1. Nf3 d5 2. g3 Nc6 3. d4 Bg4 4. Bg2 e6 5. 0-0 Nf6 6. Bg5 h6 7. Bxf6 Qxf6 8. c3 Bd6 9. Qb3 Rb8 10. Nbd2 Bf5 11. Nh4 0-0 12. e4 dxe4 13. Nxe4 Bxe4 14. Bxe4 Ne7 15. Rad1 c6 16. Bb1 b5 17. Qc2 g6 18. Rd3 Qg7 19. Rfd1 a5 20. Rf3 Rbe8 21. Ng2 Nf5 22. Qe4 Rc8 23. Nf4 Bb8 24. Nd3 Bd6 25. Ne5 Ne7 26. Nd7 Rfd8 27. Nf6+ Kh8 28. Qe2 Nf5 29. Ne4 Qf8 30. Nxd6 Rxd6 31. Bxf5 exf5 32. Qe5+ f6 33. Qc5 Re6 34. Qxf8+ Rxf8 35. Re3 Rxe3 36. fxe3 Re8 37. Kf2 Rd8 38. Ke2 Kg7 39. Rc1 Kf7 40. c4 b4 41. Kd3 Ke6 42. Re1 c5 43. d5+ Kd6 44. e4 Re8 45. Re3 fxe4+ 46. Rxe4 Rxe4 47. Kxe4 a4 48. g4 Ke7 49. h4 Kd6 50. h5 gxh5 51. gxh5 Kd7 52. Kf5 Ke7 53. Kg6 b3 54. a3 f5 55. Kxf5 Kf7 56. d6 Ke8 57. Ke6 Kd8 58. d7 1-0

[Event "Florianopolis Winter op 5th"]
[Site "Florianopolis"]
[Date "2019.08.31"]
[Round "3"]
[White "Starke, Bruno Orlando"]
[Black "Silva, Janderson Rossi Da"]
[Result "1/2-1/2"]
[WhiteElo "2195"]
[BlackElo "1864"]
[PlyCount "116"]
[EventDate "2019.08.30"]
[EventType "swiss"]
[EventRounds "7"]
[EventCountry "BRA"]
[SourceTitle "EXT 2020"]
[Source "ChessBase"]
[SourceDate "2019.10.17"]
[SourceVersion "1"]
[SourceVersionDate "2019.10.17"]
[SourceQuality "1"]

1. d4 d5 2. c4 e6 3. Nf3 Nf6 4. g3 Be7 5. Bg2 0-0 6. 0-0 dxc4 7. Qc2 Nbd7 8. Qxc4 c5 9. Rd1 Qb6 10. Nc3 cxd4 11. Nxd4 Ng4 12. h3 Nge5 13. Qb5 a6 14. Qxb6 Nxb6 15. b3 Ng6 16. Bb2 Rb8 17. h4 Bd7 18. h5 Ne5 19. Ne4 Nc6 20. h6 gxh6 21. Nf3 f6 22. Bh3 Kf7 23. Nd6+ Bxd6 24. Rxd6 Ke7 25. Ba3 Kf7 26. Rad1 Bc8 27. Rxc6 bxc6 28. Bxf8 Kxf8 29. Rd8+ Ke7 30. Rh8 Rb7 31. Rxh7+ Kd6 32. Rxh6 Rf7 33. e4 Kc5 34. e5 f5 35. Rh4 a5 36. a3 Rd7 37. Bf1 Rd1 38. b4+ axb4 39. axb4+ Kd5 40. Kg2 c5 41. Be2 Rc1 42. bxc5 Rxc5 43. Rd4+ Kc6 44. Rd6+ Kc7 45. Rd2 Nd7 46. Ng5 Nxe5 47. f4 Nc4 48. Ra2 Bb7+ 49. Kf2 Bd5 50. Ra7+ Kb6 51. Re7 Rc7 52. Re8 Nd6 53. Rb8+ Rb7 54. Rxb7+ Nxb7 55. Ke3 Kc5 56. g4 fxg4 57. Bxg4 Nd8 58. Nxe6+ Bxe6 1/2-1/2

[Event "Florianopolis Winter op 5th"]
[Site "Florianopolis"]
[Date "2019.08.30"]
[Round "1"]
[White "Nunes, Nicole"]
[Black "Silva, Janderson Rossi Da"]
[Result "0-1"]
[WhiteElo "1160"]
[BlackElo "1864"]
[PlyCount "72"]
[EventDate "2019.08.30"]
[EventType "swiss"]
[EventRounds "7"]
[EventCountry "BRA"]
[SourceTitle "EXT 2020"]
[Source "ChessBase"]
[SourceDate "2019.10.17"]
[SourceVersion "1"]
[SourceVersionDate "2019.10.17"]
[SourceQuality "1"]

1. e4 c5 2. Nf3 d6 3. d4 cxd4 4. Nxd4 Nf6 5. Nc3 a6 6. Bd3 e5 7. Nf3 Be7 8. 0-0 0-0 9. Be3 b5 10. h3 Bb7 11. Nd2 Nbd7 12. Qf3 Qc7 13. Qg3 Rfd8 14. Bh6 Bf8 15. b4 Qxc3 16. a3 Rac8 17. Nf3 Bxe4 18. Nh4 Bxd3 19. cxd3 g6 20. Bxf8 Kxf8 21. Rfc1 Qd4 22. Rd1 Rc2 23. Nf3 Qb6 24. Ne1 Rc3 25. Nf3 Rdc8 26. Ne1 Nd5 27. Qg4 N7f6 28. Qh4 Kg7 29. Qg5 Nf4 30. Qh4 h6 31. Qg3 Ne2+ 32. Kh2 Nxg3 33. fxg3 Qf2 34. Nf3 Rc2 35. Nh4 Nh5 36. Nf3 Qxg2# 0-1

[Event "Caioba Telecom op 5th"]
[Site "Caioba"]
[Date "2019.08.13"]
[Round "2"]
[White "Federzoni, Enzo"]
[Black "Silva, Janderson Rossi Da"]
[Result "1-0"]
[WhiteElo "2120"]
[BlackElo "1864"]
[PlyCount "39"]
[EventDate "2019.08.12"]
[EventType "swiss"]
[EventRounds "9"]
[EventCountry "BRA"]
[SourceTitle "EXT 2020"]
[Source "ChessBase"]
[SourceDate "2019.10.17"]
[SourceVersion "1"]
[SourceVersionDate "2019.10.17"]
[SourceQuality "1"]

1. e4 c5 2. Nf3 d6 3. d4 cxd4 4. Nxd4 Nf6 5. Nc3 a6 6. Bg5 e6 7. f4 Nbd7 8. Qe2 Qc7 9. 0-0-0 b5 10. a3 Bb7 11. g4 Rc8 12. Bxf6 gxf6 13. h4 Be7 14. g5 Nb6 15. Qh5 0-0 16. Qh6 Nd7 17. g6 hxg6 18. Nxe6 fxe6 19. Qxg6+ Kh8 20. Qh5+ 1-0

[Event "Caioba Telecom op 5th"]
[Site "Caioba"]
[Date "2019.08.12"]
[Round "1"]
[White "Silva, Janderson Rossi Da"]
[Black "Terao, Juliana Sayumi"]
[Result "0-1"]
[WhiteElo "1864"]
[BlackElo "2227"]
[PlyCount "66"]
[EventDate "2019.08.12"]
[EventType "swiss"]
[EventRounds "9"]
[EventCountry "BRA"]
[SourceTitle "EXT 2020"]
[Source "ChessBase"]
[SourceDate "2019.10.17"]
[SourceVersion "1"]
[SourceVersionDate "2019.10.17"]
[SourceQuality "1"]

1. e4 c5 2. Nf3 e6 3. d4 cxd4 4. Nxd4 a6 5. Bd3 Bc5 6. Nb3 Ba7 7. Nc3 Nc6 8. Qe2 d6 9. Be3 Nf6 10. Bxa7 Rxa7 11. a4 b6 12. 0-0 0-0 13. f4 e5 14. Nd5 exf4 15. Rxf4 Nxd5 16. exd5 Qg5 17. Qe4 f5 18. Raf1 Re7 19. dxc6 Rxe4 20. Bxe4 g6 21. Bd5+ Kh8 22. Re4 Kg7 23. Re2 f4 24. c4 b5 25. axb5 axb5 26. Ra1 bxc4 27. Ra7+ Kh6 28. Ree7 Rh8 29. Bxc4 Bh3 30. Bf1 Bxg2 31. Nd2 Bxc6+ 32. Kf2 Qc5+ 33. Ke2 Re8 0-1

[Event "Florianopolis op 5th"]
[Site "Florianopolis"]
[Date "2019.01.26"]
[Round "9"]
[White "Silva, Janderson Rossi Da"]
[Black "Urquiza, Marcello de Albuque"]
[Result "0-1"]
[WhiteElo "1850"]
[BlackElo "2025"]
[PlyCount "112"]
[EventDate "2019.01.21"]
[EventType "swiss"]
[EventRounds "10"]
[EventCountry "BRA"]
[SourceTitle "EXT 2020"]
[Source "ChessBase"]
[SourceDate "2019.10.17"]
[SourceVersion "1"]
[SourceVersionDate "2019.10.17"]
[SourceQuality "1"]

1. e4 c5 2. Nf3 e6 3. d4 cxd4 4. Nxd4 a6 5. Nc3 Qc7 6. a3 Nc6 7. Be3 b5 8. g3 Bb7 9. Bg2 Nf6 10. 0-0 d6 11. f4 Rd8 12. Qe2 Be7 13. Nb3 0-0 14. Rad1 Na5 15. Nxa5 Qxa5 16. f5 b4 17. axb4 Qxb4 18. Bc1 Qb6+ 19. Kh1 a5 20. g4 Ba6 21. Qf3 Bxf1 22. Rxf1 d5 23. e5 Ne4 24. Nxe4 dxe4 25. Qxe4 Qd4 26. Qe2 Rd7 27. c3 Qd3 28. Qf2 exf5 29. gxf5 Bd8 30. f6 Re8 31. Bc6 Rxe5 32. Bxd7 Qxd7 33. Qg3 Qc6+ 34. Qg2 Qxg2+ 35. Kxg2 Bxf6 36. Rf2 Kf8 37. Bf4 Rb5 38. Re2 Be7 39. Kf3 g5 40. Be5 f5 41. Bd4 Kf7 42. c4 Rb3+ 43. Kg2 Rb4 44. Rc2 Ke6 45. Bf2 Kd7 46. Be1 Ra4 47. Bf2 Ra2 48. c5 Bf6 49. Rd2+ Kc7 50. h4 h6 51. Rd6 Bxb2 52. Rxh6 Bd4 53. Rh7+ Kc6 54. Rh6+ Kxc5 55. hxg5 Rxf2+ 56. Kg3 Rf1 0-1

[Event "Florianopolis op 5th"]
[Site "Florianopolis"]
[Date "2019.01.25"]
[Round "7"]
[White "Silva, Janderson Rossi Da"]
[Black "Piccoli, Lucas Fonseca"]
[Result "0-1"]
[WhiteElo "1850"]
[BlackElo "2062"]
[PlyCount "42"]
[EventDate "2019.01.21"]
[EventType "swiss"]
[EventRounds "10"]
[EventCountry "BRA"]
[SourceTitle "CBM 188 Extra"]
[Source "ChessBase"]
[SourceDate "2019.02.26"]
[SourceVersion "1"]
[SourceVersionDate "2019.02.26"]
[SourceQuality "1"]

1. e4 c6 2. d4 d5 3. Nc3 dxe4 4. Nxe4 Bf5 5. Ng3 Bg6 6. Nf3 e6 7. Ne5 Nd7 8. Nxg6 hxg6 9. Bd3 Ngf6 10. Bd2 Bd6 11. Qf3 Qc7 12. 0-0-0 0-0-0 13. h3 e5 14. Bc3 Rh4 15. dxe5 Nxe5 16. Bxe5 Bxe5 17. Rhe1 Rf4 18. Qe2 Re8 19. f3 Qb6 20. Rf1 Ra4 21. b3 Bf4+ 0-1

[Event "Florianopolis op 5th"]
[Site "Florianopolis"]
[Date "2019.01.22"]
[Round "3"]
[White "Silva, Janderson Rossi Da"]
[Black "Quaresma, Givanildo Ribeiro"]
[Result "1-0"]
[WhiteElo "1850"]
[BlackElo "1586"]
[PlyCount "49"]
[EventDate "2019.01.21"]
[EventType "swiss"]
[EventRounds "10"]
[EventCountry "BRA"]
[SourceTitle "CBM 188 Extra"]
[Source "ChessBase"]
[SourceDate "2019.02.26"]
[SourceVersion "1"]
[SourceVersionDate "2019.02.26"]
[SourceQuality "1"]

1. e4 e5 2. Nf3 Nc6 3. d4 exd4 4. Nxd4 Bc5 5. Nb3 Bb6 6. Nc3 Nf6 7. Bg5 Bxf2+ 8. Kxf2 d5 9. Bxf6 Qxf6+ 10. Qf3 Qxf3+ 11. gxf3 dxe4 12. Nxe4 Bf5 13. Bb5 0-0-0 14. Bxc6 bxc6 15. Rad1 Rd5 16. c4 Re5 17. Rhe1 Be6 18. Rc1 Rh5 19. Kg2 Rd8 20. Nbc5 Bh3+ 21. Kf2 Bf5 22. Ng3 Rxh2+ 23. Kg1 Rxb2 24. Nxf5 Rxa2 25. Ne7+ 1-0

[Event "Sao Bento do Sul op 10"]
[Site "Sao Bento do Sul"]
[Date "2018.10.20"]
[Round "3"]
[White "De Borba, Gabriel"]
[Black "Silva, Janderson Rossi Da"]
[Result "1-0"]
[WhiteElo "2033"]
[BlackElo "1894"]
[PlyCount "115"]
[EventDate "2018.10.19"]
[EventType "swiss"]
[EventRounds "7"]
[EventCountry "BRA"]
[SourceTitle "EXT 2021"]
[Source "ChessBase"]
[SourceDate "2020.10.23"]
[SourceVersion "1"]
[SourceVersionDate "2020.10.23"]
[SourceQuality "1"]

1. e4 e5 2. Nf3 Nf6 3. Nxe5 d6 4. Nf3 Nxe4 5. Nc3 Nxc3 6. dxc3 Be7 7. Be3 Nc6 8. Qd2 Be6 9. 0-0-0 Bxa2 10. b3 a5 11. Bb5 a4 12. Bxa4 Rxa4 13. bxa4 Qa8 14. Nd4 Qxa4 15. Qe2 0-0 16. Qb5 Qa3+ 17. Qb2 Qa6 18. Nxc6 bxc6 19. Kd2 Bd5 20. Rhg1 Bf6 21. Ra1 Qc4 22. Ra5 c5 23. g3 Bf3 24. Re1 Qd5+ 25. Kc1 Qc4 26. Bd2 Qg4 27. Qb5 c6 28. Qa4 Qxa4 29. Rxa4 Bd5 30. c4 Be6 31. Bf4 Rd8 32. Rd1 Be7 33. Bxd6 Kf8 34. Bxe7+ Kxe7 35. Rxd8 Kxd8 36. Ra5 Ke7 37. Rxc5 g6 38. Kd2 Kd6 39. Ra5 Bxc4 40. Ke3 h5 41. Kd4 Be6 42. c4 Bh3 43. c5+ Ke6 44. Ra3 Bg2 45. Re3+ Kf6 46. Kc4 Bd5+ 47. Kb4 Kf5 48. Ka5 g5 49. f3 Kf6 50. Kb6 Kf5 51. Kc7 g4 52. f4 f6 53. Kd6 Bf3 54. Re7 Bd5 55. Rc7 h4 56. Rxc6 hxg3 57. hxg3 Ke4 58. Ra6 1-0

[Event "Parana-chT 61st"]
[Site "Londrina"]
[Date "2018.09.24"]
[Round "1.2"]
[White "Silva, Janderson Rossi Da"]
[Black "Martins, Carlos"]
[Result "1/2-1/2"]
[WhiteElo "1908"]
[BlackElo "2258"]
[PlyCount "48"]
[EventDate "2018.09.24"]
[EventType "team-tourn"]
[EventRounds "5"]
[EventCountry "BRA"]
[SourceTitle "CBM 187 Extra"]
[Source "ChessBase"]
[SourceDate "2018.11.04"]
[SourceVersion "1"]
[SourceVersionDate "2018.11.04"]
[SourceQuality "1"]
[WhiteTeam "Francisco Beltrao"]
[BlackTeam "Maringa"]
[WhiteTeamCountry "BRA"]
[BlackTeamCountry "BRA"]

1. e4 c5 2. Nf3 e6 3. d4 cxd4 4. Nxd4 Nf6 5. Bd3 Nc6 6. Nxc6 dxc6 7. 0-0 e5 8. Qe2 Bc5 9. Be3 Bxe3 10. Qxe3 0-0 11. Nd2 Be6 12. Qg3 Nd7 13. Bc4 Qe7 14. Bxe6 Qxe6 15. Qb3 Qd6 16. Rad1 Qc7 17. Qc3 Rfe8 18. Nc4 Nf6 19. f3 Re6 20. Rd2 g6 21. Rfd1 h5 22. Kh1 Kg7 23. b4 b6 24. Rd3 Rae8 1/2-1/2

[Event "Sao Bento do Sul op 08"]
[Site "Sao Bento do Sul"]
[Date "2018.08.25"]
[Round "4"]
[White "Silva, Janderson Rossi Da"]
[Black "Da Silva Junior, Marco Aurelio"]
[Result "1-0"]
[WhiteElo "1879"]
[BlackElo "1591"]
[PlyCount "85"]
[EventDate "2018.08.24"]
[EventType "swiss"]
[EventRounds "6"]
[EventCountry "BRA"]
[SourceTitle "EXT 2021"]
[Source "ChessBase"]
[SourceDate "2020.10.23"]
[SourceVersion "1"]
[SourceVersionDate "2020.10.23"]
[SourceQuality "1"]

1. e4 d6 2. d4 Nf6 3. Nc3 c6 4. Be3 Nbd7 5. g4 h6 6. f3 e5 7. Qd2 Qc7 8. 0-0-0 a6 9. Nge2 Nb6 10. Ng3 Be6 11. Qf2 Nbd7 12. d5 cxd5 13. exd5 Bxg4 14. fxg4 Nxg4 15. Qe2 Nxe3 16. Qxe3 Be7 17. Kb1 Bg5 18. Qf3 g6 19. h4 Bf6 20. Bh3 Bg7 21. Bxd7+ Qxd7 22. h5 0-0 23. Rdg1 f5 24. hxg6 e4 25. Qf4 Rae8 26. Nh5 e3 27. Nxg7 Qxg7 28. Rg2 Rf6 29. Rxh6 Re4 30. Qh2 Rg4 31. Rxg4 fxg4 32. a3 Rxg6 33. Rxg6 Qxg6 34. Qg3 Kf7 35. Qxe3 Qf5 36. Qe6+ Qxe6 37. dxe6+ Kxe6 38. Ne2 Kd5 39. Kc1 Ke4 40. Kd2 b5 41. b4 d5 42. c3 Kf3 43. Kd3 1-0

[Event "Brazil Foz do Iguacu op"]
[Site "Foz do Iguacu"]
[Date "2018.05.18"]
[Round "6"]
[White "Silva, Janderson Rossi Da"]
[Black "Donoso Diaz, Sebastian"]
[Result "0-1"]
[WhiteElo "1832"]
[BlackElo "2120"]
[PlyCount "42"]
[EventDate "2018.05.16"]
[EventType "swiss"]
[EventRounds "9"]
[EventCountry "BRA"]
[SourceTitle "CBM 184 Extra"]
[Source "ChessBase"]
[SourceDate "2018.06.28"]
[SourceVersion "1"]
[SourceVersionDate "2018.06.28"]
[SourceQuality "1"]

1. e4 c5 2. Nf3 d6 3. d4 cxd4 4. Nxd4 Nf6 5. Nc3 Nc6 6. Bg5 e6 7. Qd2 Be7 8. 0-0-0 Nxd4 9. Qxd4 0-0 10. f4 Qa5 11. Be2 h6 12. Bh4 e5 13. Qe3 exf4 14. Qd4 Be6 15. Kb1 Rac8 16. Bd3 Rxc3 17. bxc3 Qxa2+ 18. Kc1 g5 19. Be1 d5 20. e5 Ne4 21. Bxe4 dxe4 0-1